[Event "It (open) \"]
[Site "masterchessopen.com Nuernberg (Germany)"]
[Date "2008.09.07"]
[Round "6"]
[White "Boguslavsky Oleg (GER)"]
[Black "Wells Peter K (ENG)"]
[Result "1-0"]
[WhiteElo "2406"]
[BlackElo "2516"]

1.e4 e5 2.Nf3 Nc6 3.Bb5 a6 4.Ba4 Nf6 5.O-O Be7 6.Re1 b5 7.Bb3 d6 8.c3 O-O 9.h3
Nb8 10.d4 Nbd7 11.Nbd2 Bb7 12.Bc2 Re8 13.Nf1 Bf8 14.Ng3 g6 15.b3 Bg7 16.Bb2 d5
17.exd5 Nxd5 18.dxe5 Nxe5 19.Rxe5 Rxe5 20.c4 Ne3 21.fxe3 Rxe3 22.Bxg7 Kxg7
23.Kf2 Re6 24.Qxd8 Rxd8 25.Nf1 Bxf3 26.gxf3 bxc4 27.bxc4 Rb6 28.Bb3 a5 29.Ne3
Rd2+ 30.Kg3 h5 31.Rd1 Rbd6 32.Rxd2 Rxd2 33.h4 c6 34.c5 Rd4 35.Bc2 {#r} 1-0

[Event "It (open)"]
[Site "masterchessopen.com Gagra (Georgia)"]
[Date "2008.09.22"]
[Round "5"]
[White "Bashkov Viacheslav (RUS)"]
[Black "Makarkin Zhan (RUS)"]
[Result "1-0"]
[WhiteElo "2319"]
[BlackElo "2180"]

1.e4 e5 2.Nf3 Nc6 3.Bb5 a6 4.Ba4 Nf6 5.O-O Be7 6.Re1 b5 7.Bb3 d6 8.c3 O-O 9.h3
Nb8 10.d4 Nbd7 11.c4 c5 12.dxe5 Nxe5 13.cxb5 axb5 14.Nc3 c4 15.Bc2 b4 16.Nd5
Nxd5 17.exd5 b3 18.Bb1 bxa2 19.Rxa2 Rxa2 20.Nxe5 Ra6 21.Nc6 Rxc6 22.dxc6 d5
23.Bf4 Bf6 24.c7 Qd7 25.b3 c3 26.Qe2 Qc6 27.b4 Be6 28.b5 Qc5 29.Bd3 Ra8 30.Qc2
g6 31.Bxg6 Qxb5 32.Bxh7+ Kh8 33.Rxe6 {#r} 1-0

[Event "Ch Europe (juniors) (under 12)"]
[Site "masterchessopen.com Herceg Novi (Montenegro)"]
[Date "2008.09.22"]
[Round "7"]
[White "Berbatov Kiprian (BUL)"]
[Black "Mindlin Alon (ISR)"]
[Result "1-0"]
[WhiteElo "2346"]
[BlackElo "1885"]

1.e4 e5 2.Nf3 Nc6 3.Bb5 a6 4.Ba4 Nf6 5.O-O Be7 6.Re1 b5 7.Bb3 d6 8.c3 O-O 9.h3
Nb8 10.d4 Nbd7 11.Nbd2 Bb7 12.Re2 Re8 13.Ng5 Rf8 14.Qe1 h6 15.Ngf3 Nh7 16.Nf1
exd4 17.cxd4 c5 18.Ng3 Ng5 19.Nxg5 hxg5 20.Nf5 cxd4 21.Qd1 Ne5 22.Qxd4 Bf6
23.Qxd6 Nd3 24.e5 Re8 25.e6 Kh8 26.e7 Bxe7 27.Qxd8 Raxd8 28.Nxe7 g6 29.Bxg5
Nxb2 30.Bf6+ {#r} 1-0

[Event "Ch Russia (students) (team)"]
[Site "masterchessopen.com Belgorod (Russia)"]
[Date "2008.10.10"]
[Round "6"]
[White "Yakupova Aysyla (RUS)"]
[Black "Cheremnova Tamara (RUS)"]
[Result "1-0"]
[WhiteElo "2022"]
[BlackElo "2163"]

1.e4 e5 2.Nf3 Nc6 3.Bb5 a6 4.Ba4 Nf6 5.O-O Be7 6.Re1 b5 7.Bb3 d6 8.c3 O-O 9.h3
Nb8 10.d4 Nbd7 11.Nbd2 Bb7 12.Bc2 Re8 13.Nf1 Bf8 14.Ng3 g6 15.Bg5 h6 16.Bd2 c5
17.d5 c4 18.Be3 Nc5 19.Qd2 h5 20.Bh6 Be7 21.Nf5 Bf8 22.Bxf8 Rxf8 23.Qh6 gxf5
24.exf5 Qe7 25.Nh4 Bxd5 26.Re3 Nce4 27.Bxe4 Nxe4 28.Rg3+ Nxg3 29.f6 Ne2+
30.Kh2 Qxf6 31.Qxf6 Nf4 32.Nf5 Ne6 33.Re1 Bb7 34.Re3 {#r} 1-0

[Event "World Mindsports Games (Active Team)"]
[Site "masterchessopen.com Beijing (China)"]
[Date "2008.10.15"]
[Round "4"]
[White "Esenov Annaberdi (TKM)"]
[Black "Inoue Sho (JPN)"]
[Result "1-0"]
[WhiteElo "2319"]
[BlackElo "2024"]

1.e4 e5 2.Nf3 Nc6 3.Bb5 a6 4.Ba4 Nf6 5.O-O b5 6.Bb3 Be7 7.Re1 d6 8.c3 O-O 9.h3
Nb8 10.d4 Nbd7 11.a4 Bb7 12.Nbd2 c5 13.d5 c4 14.Bc2 Nc5 15.Nf1 Re8 16.Ng3 g6
17.Bh6 Bf8 18.Qd2 Rb8 19.Bg5 Be7 20.Bh6 Bf8 21.Qe3 Bc8 22.Bxf8 Rxf8 23.Nxe5
dxe5 24.Qxc5 Nd7 25.Qe3 bxa4 26.Reb1 Qc7 27.Rxa4 Nc5 28.Rxc4 Rb5 29.b4 {#r}
1-0

[Event "Tournament (weekend)"]
[Site "masterchessopen.com Rome (Italy)"]
[Date "2008.10.18"]
[Round "2"]
[White "Quimi Marco (PER)"]
[Black "De-Carolis Massimo (ITA)"]
[Result "1-0"]
[WhiteElo "2239"]
[BlackElo "1973"]

1.e4 e5 2.Nf3 Nc6 3.Bb5 a6 4.Ba4 Nf6 5.O-O Be7 6.Re1 b5 7.Bb3 d6 8.c3 O-O 9.h3
Nb8 10.d4 Nbd7 11.a4 Bb7 12.Nbd2 Re8 13.Qe2 c6 14.Nf1 Bf8 15.Ng3 g6 16.Nh2 Bg7
17.Ng4 Qc7 18.Nh6+ Bxh6 19.Bxh6 Nf8 20.dxe5 dxe5 21.Qf3 N8d7 22.Rad1 Re7
23.Bg5 Kg7 24.Rxd7 Rxd7 25.Qxf6+ {#r} 1-0

[Event "Cup Ugra"]
[Site "masterchessopen.com Khanty Mansyisk (Russia)"]
[Date "2008.10.19"]
[Round "5"]
[White "Demianjuk Alexander (RUS)"]
[Black "Tjurin Alexander P (RUS)"]
[Result "1-0"]
[WhiteElo "2323"]
[BlackElo "2339"]

1.e4 e5 2.Nf3 Nc6 3.Bb5 a6 4.Ba4 Nf6 5.O-O Be7 6.Re1 b5 7.Bb3 d6 8.c3 O-O 9.h3
Nb8 10.d4 Nbd7 11.Nbd2 Bb7 12.Bc2 Re8 13.Nf1 d5 14.exd5 exd4 15.Nxd4 Nxd5
16.a4 c5 17.Nf5 Bf8 18.Qg4 Kh8 19.Bg5 f6 20.Bd2 Ne5 21.Qh4 Ng6 22.Qg3 Qd7
23.Nh4 Ne5 24.f4 Nc4 25.Ng6+ Kg8 26.Nxf8 Rxf8 27.Qd3 f5 28.b3 Nxd2 29.Qxd2 Qc7
30.Re5 g6 31.axb5 axb5 32.Rxa8 Rxa8 33.Rxd5 {#r} 1-0

[Event "Cup European Club (final)"]
[Site "masterchessopen.com Kallithea (Greece)"]
[Date "2008.10.20"]
[Round "4"]
[White "Balogh Csaba (HUN)"]
[Black "Volke Karsten (GER)"]
[Result "1-0"]
[WhiteElo "2616"]
[BlackElo "2454"]

1.e4 e5 2.Nf3 Nc6 3.Bb5 a6 4.Ba4 Nf6 5.O-O Be7 6.Re1 b5 7.Bb3 d6 8.c3 O-O 9.h3
Nb8 10.d4 Nbd7 11.Nbd2 Bb7 12.Bc2 Re8 13.Nf1 Bf8 14.Ng3 g6 15.b3 d5 16.Bg5 h6
17.Bh4 g5 18.Nxg5 hxg5 19.Bxg5 exd4 20.e5 Rxe5 21.Rxe5 Nxe5 22.cxd4 Nc6 23.Qd3
Be7 24.Bh6 Bf8 25.Qe3 Ne4 26.Nxe4 dxe4 27.Qxe4 Bxh6 28.Qh7+ Kf8 29.Qxh6+ Ke7
30.Re1+ {#r} 1-0

[Event "It (open)"]
[Site "masterchessopen.com Obrenovac (Serbia)"]
[Date "2008.11.04"]
[Round "8"]
[White "Bergsson Snorri (ISL)"]
[Black "Abramovic Bosko (SRB)"]
[Result "1-0"]
[WhiteElo "2340"]
[BlackElo "2484"]

1.e4 e5 2.Nf3 Nc6 3.Bb5 a6 4.Ba4 Nf6 5.O-O Be7 6.Re1 b5 7.Bb3 O-O 8.c3 d6 9.h3
Nb8 10.d4 Nbd7 11.Nbd2 Bb7 12.Bc2 Re8 13.Nf1 Bf8 14.Ng3 c6 15.Nf5 Qc7 16.dxe5
dxe5 17.Nh2 c5 18.Ng4 c4 19.Nxf6+ Nxf6 20.Bg5 Nd7 21.Qg4 Kh8 22.Rad1 Nc5
23.Ne3 f6 24.Bh4 Rad8 25.Nd5 Qf7 26.Qf3 Bd6 27.Bg3 Kg8 28.b4 cxb3 29.axb3 f5
30.c4 bxc4 31.bxc4 f4 32.Bh2 Bc8 33.Rd2 {#r} 1-0

[Event "It (open)"]
[Site "masterchessopen.com Bogota (Colombia)"]
[Date "2008.11.07"]
[Round "5"]
[White "Gallego Andres (COL)"]
[Black "Renteria Jorge (COL)"]
[Result "1-0"]
[WhiteElo "2365"]
[BlackElo "2256"]

1.e4 e5 2.Nf3 Nc6 3.Bb5 a6 4.Ba4 Nf6 5.O-O Be7 6.Re1 b5 7.Bb3 O-O 8.c3 d6 9.h3
Nb8 10.d4 Nbd7 11.Nbd2 Bb7 12.Bc2 Re8 13.Nf1 Bf8 14.Ng3 g6 15.b3 d5 16.Bg5 h6
17.Bh4 g5 18.Nxg5 hxg5 19.Bxg5 exd4 20.e5 Rxe5 21.Rxe5 Nxe5 22.cxd4 Nc6 23.Qd3
Bg7 24.Nh5 Nb4 25.Nxf6+ Bxf6 26.Qh7+ Kf8 27.Re1 Qe7 28.Qh6+ Ke8 29.Rxe7+ Bxe7
30.Qh8+ Kd7 31.Bf5+ Kc6 32.Qh6+ Bd6 33.a3 Re8 34.Bd2 Na2 35.g3 b4 36.axb4 {#r}
1-0

[Event "Ch Bulgaria (students)"]
[Site "masterchessopen.com Sofia (Bulgaria)"]
[Date "2008.11.07"]
[Round "7"]
[White "Videnova Iva (BUL)"]
[Black "Pashev Dimitar (BUL)"]
[Result "1-0"]
[WhiteElo "2182"]
[BlackElo "1940"]

1.e4 e5 2.Nf3 Nc6 3.Bb5 a6 4.Ba4 Nf6 5.O-O Be7 6.Re1 b5 7.Bb3 d6 8.c3 O-O 9.h3
Nb8 10.d4 Nbd7 11.Nbd2 c5 12.Nf1 c4 13.Bc2 Re8 14.g4 g6 15.Ng3 Kh8 16.Ng5 Rf8
17.f4 exf4 18.Bxf4 d5 19.Nf3 dxe4 20.Nxe4 Nd5 21.Bh6 Re8 22.Nfg5 Kg8 23.Qf3 f6
24.Nd6 N7b6 25.Nxe8 fxg5 26.Ng7 Nf4 27.Bxg5 Bxg5 28.Re8+ Qxe8 29.Nxe8 Bd7
30.Nf6+ Bxf6 31.Qxf4 {#r} 1-0

[Event "Olympiad (w)"]
[Site "masterchessopen.com Dresden (Germany)"]
[Date "2008.11.19"]
[Round "6"]
[White "Zdebskaja Natalia (UKR)"]
[Black "Galojan Lilit (ARM)"]
[Result "1-0"]
[WhiteElo "2419"]
[BlackElo "2305"]

1.e4 e5 2.Nf3 Nc6 3.Bb5 a6 4.Ba4 Nf6 5.O-O Be7 6.Re1 b5 7.Bb3 d6 8.c3 O-O 9.h3
Nb8 10.d4 Nbd7 11.c4 Bb7 12.Nc3 c6 13.c5 Qc7 14.cxd6 Bxd6 15.Bg5 exd4 16.e5
Nxe5 17.Bxf6 Nxf3+ 18.Qxf3 dxc3 19.Qg4 g6 20.Bxc3 c5 21.Rad1 Rfe8 22.Qh4 b4
23.Bf6 Qc6 24.f3 Rxe1+ 25.Rxe1 Re8 26.Rd1 Qc7 27.Bc4 Bf8 28.Bd8 Qe5 29.Rd7
Qe3+ 30.Kh2 Rxd8 31.Rxf7 Bd6+ 32.f4 Bxf4+ 33.Rxf4+ Rd5 34.Qd8+ {#r} 1-0

[Event "Sub-zt"]
[Site "masterchessopen.com San Andres (Colombia)"]
[Date "2008.11.28"]
[Round "6"]
[White "Prieto Ernesto (COL)"]
[Black "Pena Alfredo (COL)"]
[Result "0-1"]
[WhiteElo "2181"]
[BlackElo "2309"]

1.e4 e5 2.Nf3 Nc6 3.Bb5 a6 4.Ba4 Nf6 5.O-O Be7 6.Re1 b5 7.Bb3 d6 8.c3 O-O 9.h3
Nb8 10.d4 Nbd7 11.Nbd2 Bb7 12.Bc2 Re8 13.Nf1 Bf8 14.Ng3 g6 15.Bg5 h6 16.Bd2 c6
17.Nh2 h5 18.Qf3 c5 19.dxc5 Nxc5 20.Bg5 Be7 21.Rad1 Ne6 22.Qe2 Qc7 23.Nf3 Rad8
{#R} 0-1

[Event "Ch India"]
[Site "masterchessopen.com Mangalore (India)"]
[Date "2008.12.19"]
[Round "3"]
[White "Deepan Chakkravarthy J (IND)"]
[Black "Sriram Jha (IND)"]
[Result "1-0"]
[WhiteElo "2464"]
[BlackElo "2458"]

1.e4 e5 2.Nf3 Nc6 3.Bb5 a6 4.Ba4 Nf6 5.O-O Be7 6.Re1 b5 7.Bb3 d6 8.c3 O-O 9.h3
Nb8 10.d4 Nbd7 11.c4 Bb7 12.Nc3 c6 13.c5 Qc7 14.cxd6 Bxd6 15.Bg5 Rfe8 16.dxe5
Bxe5 17.Nxe5 Qxe5 18.f4 Qc5+ 19.Kh1 b4 20.Na4 Qf2 21.e5 Nd5 22.Qg4 Nf8 23.Re2
Qa7 24.f5 Bc8 25.Rf1 Rb8 26.h4 a5 27.Re4 Kh8 28.Qg3 Qc7 29.Ree1 f6 30.Bxd5
fxg5 31.Bc4 gxh4 32.Qxh4 Nd7 33.f6 Nxe5 34.f7 Rf8 35.Qg3 Ba6 36.Bxa6 {#r} 1-0

[Event "It \"]
[Site "masterchessopen.com Elista (Russia)"]
[Date "2008.12.22"]
[Round "8"]
[White "Cheparinov Ivan (BUL)"]
[Black "Alekseev Evgeny (RUS)"]
[Result "1-0"]
[WhiteElo "2696"]
[BlackElo "2715"]

1.e4 e5 2.Nf3 Nc6 3.Bb5 a6 4.Ba4 Nf6 5.O-O Be7 6.Re1 b5 7.Bb3 d6 8.c3 O-O 9.h3
Nb8 10.d4 Nbd7 11.Nbd2 Bb7 12.Bc2 Re8 13.a4 Bf8 14.Bd3 c6 15.b3 Qc7 16.Bb2 g6
17.Qc2 Rac8 18.Bf1 Qb8 19.Rad1 Bg7 20.g3 Ba8 ( 20...Nf8 21.Bg2 Ne6 22.b4 Nd7
23.axb5 axb5 24.dxe5 Nxe5 25.Nd4 c5 26.bxc5 Nxc5 27.Re3 Nc4 28.Nxc4 bxc4
29.Ba3 Nd3 30.Rb1 Qa8 31.Nb5 d5 32.Nd6 d4 33.cxd4 Qxa3 34.Nxe8 Bxd4 35.Rf3
Bxe4 36.Nf6+ { 0-1, Ponomariov Ruslan 2718 - Ivanchuk Vassily 2781 , Moscow
29. 8.2008 Memorial M.Tal (blitz) } ) 21.axb5 { N } 21...axb5 22.b4 Bf8 { ?!N
} ( 22...c5 23.bxc5 exd4 24.cxd4 dxc5 25.d5 c4 26.Bc3 Qc7 27.Rb1 Rb8 28.Qa2
Nxe4 29.Nxe4 Bxd5 30.Bxg7 Bxe4 31.Rxe4 Rxe4 32.Bc3 Re6 33.Qd2 f6 34.Qd5 Qc6
35.Qxc6 Rxc6 36.Nd4 Rc5 37.Rxb5 Rbxb5 38.Nxb5 Ne5 39.Nd6 Kg7 40.f4 Nd7 41.Nxc4
h5 42.Kf2 Rc6 43.Bd4 Nc5 44.Kf3 Ne6 45.Bb2 Kf7 46.Ne3 Nc7 47.Bc4+ Kg7 48.Ke4
Ne8 49.Bd4 Rc7 50.Kd3 Rd7 51.Bb5 Rd8 52.Bxe8 Rxe8 53.Nd5 Re6 54.Nxf6 Rxf6
55.g4 hxg4 56.hxg4 Kf7 57.Bxf6 Kxf6 58.Kd4 Ke6 59.Kc5 Ke7 60.Kd5 Kd7 61.Ke5
Ke7 62.g5 { 1-0, Ponomariov Ruslan (UKR) 2710 - Sasikiran Krishnan (IND) 2668,
Biel (Switzerland) 2004.07.20 } ) 23.Qb3 h6 24.dxe5 Nxe5 25.c4 bxc4 26.Nxc4 {
DA } 26...Nfd7 { ? } ( 26...Nxc4 { !? } 27.Bxc4 d5 28.Bxf6 dxc4 29.Qxc4 Qb5 {
? } ) 27.Nfxe5 Nxe5 28.Nxe5 dxe5 29.Rd7 Re7 30.Red1 Rce8 31.Bc4 Kg7 { ? }
32.Qf3 { ! } 32...c5 33.Qxf7+ { ! } 33...Rxf7 34.Rxf7+ Kh8 35.Rdd7 {#r} 1-0

[Event "It (open)"]
[Site "masterchessopen.com Unna (Germany)"]
[Date "2008.12.29"]
[Round "6"]
[White "Chilla Jan Eric (GER)"]
[Black "Luetke Jens (GER)"]
[Result "0-1"]
[WhiteElo "2134"]
[BlackElo "2354"]

1.e4 e5 2.Nf3 Nc6 3.Bb5 a6 4.Ba4 Nf6 5.O-O Be7 6.Re1 b5 7.Bb3 d6 8.c3 O-O 9.h3
Nb8 10.d4 Nbd7 11.Nbd2 Bb7 12.Bc2 Re8 13.d5 c6 14.dxc6 Bxc6 15.Nf1 Bf8 16.Ng3
g6 17.h4 h5 18.Bg5 Qb6 19.Be3 Qb7 20.Ng5 d5 21.Bb3 Nc5 22.Qf3 Ncxe4 23.N3xe4
Nxe4 24.Nxe4 dxe4 25.Qg3 Kh7 26.Qg5 Bg7 27.Bc5 Rad8 28.Rad1 Rd3 29.Qc1 Bf6
30.g3 Qd7 31.Bc2 Qh3 32.Be3 Red8 33.Re2 Qg4 34.Rdd2 Bxh4 35.Kh2 Be7 36.Qf1 Kg7
37.Bxd3 exd3 38.Re1 h4 {#R} 0-1

[Event "It (open)"]
[Site "masterchessopen.com Gjovik (Norway)"]
[Date "2009.01.05"]
[Round "7"]
[White "Haug Marianne Wold (NOR)"]
[Black "Carlsen Ellen Oen (NOR)"]
[Result "1-0"]
[WhiteElo "1987"]
[BlackElo "1894"]

1.e4 e5 2.Nf3 Nc6 3.Bb5 a6 4.Ba4 Nf6 5.O-O Be7 6.Re1 b5 7.Bb3 d6 8.c3 O-O 9.h3
Nb8 10.d4 Nbd7 11.Nbd2 Bb7 12.Bc2 Re8 13.Nf1 Bf8 14.Ng3 g6 15.a4 c5 16.b3 cxd4
17.cxd4 exd4 18.axb5 axb5 19.Rxa8 Qxa8 20.Qxd4 Qc8 21.Bd3 d5 22.e5 Bc5 23.Qf4
Ne4 24.Nxe4 dxe4 25.Bxe4 Bxe4 26.Qxe4 Bd6 27.Bb2 Qc5 28.Rc1 Qb4 29.Qd5 Qf4
30.Qxd6 {#r} 1-0

[Event "Ch Europe (w)"]
[Site "masterchessopen.com St. Petersburg (Russia)"]
[Date "2009.03.11"]
[Round "4"]
[White "Nikanova Ekaterina (BLR)"]
[Black "Kouvatsou Maria (GRE)"]
[Result "0-1"]
[WhiteElo "2057"]
[BlackElo "2156"]

1.e4 e5 2.Nf3 Nc6 3.Bb5 a6 4.Ba4 Nf6 5.O-O Be7 6.Re1 b5 7.Bb3 d6 8.c3 O-O 9.h3
Nb8 10.d4 Nbd7 11.Nbd2 Bb7 12.Bc2 Re8 13.Nf1 Bf8 14.Ng3 g6 15.Nh2 exd4 16.cxd4
c5 17.Nf3 cxd4 18.Nxd4 Bg7 19.Rb1 d5 20.exd5 Rxe1+ 21.Qxe1 Nxd5 22.Nf3 Rc8
23.Qd1 Nc5 24.Bd2 b4 25.a3 a5 26.Bb3 Nxb3 27.Qxb3 Nb6 28.Bg5 Qd5 29.Qe3 Nc4
30.Qe7 Ne5 31.Bf6 Nxf3+ 32.gxf3 Qxf3 33.Kf1 Bxf6 {#R} 0-1

[Event "Ch Europe (w)"]
[Site "masterchessopen.com St. Petersburg (Russia)"]
[Date "2009.03.13"]
[Round "6"]
[White "Severiukhina Zoja (RUS)"]
[Black "Tarasova Viktoriya (RUS)"]
[Result "1-0"]
[WhiteElo "2340"]
[BlackElo "2283"]

1.e4 e5 2.Nf3 Nc6 3.Bb5 a6 4.Ba4 Nf6 5.O-O Be7 6.Re1 b5 7.Bb3 d6 8.c3 O-O 9.h3
Nb8 10.d4 Nbd7 11.Nbd2 Bb7 12.Bc2 c5 13.Nf1 Re8 14.d5 c4 15.Ng3 g6 16.Be3 Qc7
17.Qd2 Nc5 18.Rf1 a5 19.Bg5 Rab8 20.Nh2 h5 21.f4 Nh7 22.Bxe7 Qxe7 23.f5 Kg7
24.f6+ Nxf6 25.Qg5 {#r} 1-0

[Event "Ch Extremadura (team)"]
[Site "masterchessopen.com Extremadura (Spain)"]
[Date "2009.03.14"]
[Round "8"]
[White "Garcia Romero Benjamin Abel (ESP)"]
[Black "Perez Candelario Manuel (ESP)"]
[Result "0-1"]
[WhiteElo "2218"]
[BlackElo "2517"]

1.e4 e5 2.Nf3 Nc6 3.Bb5 a6 4.Ba4 Nf6 5.O-O Be7 6.Re1 b5 7.Bb3 d6 8.c3 O-O 9.h3
Nb8 10.d4 Nbd7 11.c4 Bb7 12.Nc3 c6 13.c5 h6 14.cxd6 Bxd6 15.d5 Nc5 16.dxc6
Bxc6 17.Bd5 Bxd5 18.Nxd5 Ncxe4 19.Be3 Re8 20.Bb6 Qb8 21.Ba5 Nxd5 22.Qxd5 Nf6
23.Qb3 e4 24.Nd4 Bc5 25.Rad1 Qa7 26.Qe3 Nd5 27.Qd2 e3 28.fxe3 Nxe3 {#R} 0-1

[Event "Czech League 2008/09 (2nd) (e)"]
[Site "masterchessopen.com Czech Republic"]
[Date "2009.03.22"]
[Round "10"]
[White "Dolezel Jaromir (CZE)"]
[Black "Ciprys David (CZE)"]
[Result "1-0"]
[WhiteElo "2109"]
[BlackElo "2031"]

1.e4 e5 2.Nf3 Nc6 3.Bb5 a6 4.Ba4 Nf6 5.O-O Be7 6.Re1 b5 7.Bb3 O-O 8.h3 d6 9.c3
Nb8 10.d4 Nbd7 11.Nbd2 c5 12.Nf1 Re8 13.Ng3 Bf8 14.Ng5 c4 15.Bc2 Bb7 16.f4
exf4 17.Bxf4 Ra7 18.e5 dxe5 19.dxe5 Bc5+ 20.Kh2 Nd5 21.Bxh7+ Kf8 22.Qh5 g6
23.Qh6+ Ke7 24.Nxf7 {#r} 1-0

[Event "Memorial Frolov (open)"]
[Site "masterchessopen.com Cheliabinsk (Russia)"]
[Round "0"]
[White "Shnayder Violetta (RUS)"]
[Black "Galiullin Zif (RUS)"]
[Result "0-1"]
[WhiteElo "1863"]
[BlackElo "1890"]

1.e4 e5 2.Nf3 Nc6 3.Bb5 a6 4.Ba4 d6 5.c3 Be7 6.O-O b5 7.Bb3 Nf6 8.Re1 O-O 9.h3
Nb8 10.d4 Nbd7 11.Nbd2 Bb7 12.d5 c5 13.Nf1 Nb6 14.Ng3 Re8 15.Nf5 Bf8 16.Bg5
Bc8 17.g4 Bxf5 18.gxf5 Be7 19.Qc1 Nh5 20.Bxe7 Qxe7 21.Kh2 Nf4 22.Qd1 Nd7
23.Rg1 Kh8 24.a4 Nf6 25.Bc2 c4 26.Ne1 N6h5 27.Ng2 g5 28.Nxf4 Nxf4 29.Qg4 f6
30.h4 h5 31.Qd1 Qa7 32.Qe1 Qe7 33.f3 Rg8 {#R} 0-1

[Event "Tournament (swiss)"]
[Site "masterchessopen.com Wisla (Poland)"]
[Date "2009.05.08"]
[Round "6"]
[White "Wajda Mariusz (POL)"]
[Black "Spyra Wojciech (POL)"]
[Result "0-1"]
[WhiteElo "1919"]
[BlackElo "2000"]

1.e4 e5 2.Nf3 Nc6 3.Bb5 a6 4.Ba4 Nf6 5.O-O Be7 6.Re1 b5 7.Bb3 d6 8.c3 O-O 9.h3
Nb8 10.d4 Nbd7 11.Bg5 Bb7 12.Nbd2 c5 13.d5 c4 14.Nf1 Nxd5 15.Ng3 g6 16.exd5
Bxg5 {#R} 0-1

[Event "Cup Mitropa"]
[Site "masterchessopen.com Rogatska Slatina (Slovenia)"]
[Date "2009.05.16"]
[Round "8"]
[White "Bosiocic Marin (CRO)"]
[Black "Ragger Markus (AUT)"]
[Result "0-1"]
[WhiteElo "2551"]
[BlackElo "2563"]

1.e4 e5 2.Nf3 Nc6 3.Bb5 a6 4.Ba4 Nf6 5.O-O Be7 6.Re1 b5 7.Bb3 d6 8.c3 O-O 9.h3
Nb8 10.d4 Nbd7 11.Nbd2 Bb7 12.Bc2 Re8 13.Nf1 d5 14.exd5 exd4 15.Nxd4 Nxd5
16.Nf5 Bf6 17.N1g3 Rxe1+ 18.Qxe1 Qe8 19.Ne4 g6 20.Nxf6+ N7xf6 21.Nh6+ Kg7
22.Bd2 Qc6 23.f3 Re8 24.Qf2 Qb6 25.Ng4 Nxg4 26.hxg4 Re2 27.Qxb6 Nxb6 {#R} 0-1

[Event "It (open)"]
[Site "masterchessopen.com Varna (Bulgaria)"]
[Date "2009.06.12"]
[Round "1"]
[White "Parligras Mircea (ROM)"]
[Black "Lorek Milosz (POL)"]
[Result "1-0"]
[WhiteElo "2557"]
[BlackElo "1990"]

1.e4 e5 2.Nf3 Nc6 3.Bb5 a6 4.Ba4 Nf6 5.O-O Be7 6.Re1 b5 7.Bb3 d6 8.c3 O-O 9.h3
Nb8 10.d4 Nbd7 11.Nbd2 Bb7 12.Bc2 Re8 13.Nf1 Bf8 14.Ng3 g6 15.a4 c5 16.d5 c4
17.Bg5 Bg7 18.Qd2 Nc5 19.Ra3 Qc7 20.Bh6 Reb8 21.Bxg7 Kxg7 22.Nf5+ Kg8 23.Qh6
Ne8 24.Ng3 f6 25.Rea1 Bc8 26.axb5 Rxb5 27.Qc1 Rab8 28.Nd2 Rxb2 29.Nxc4 Nb3
30.Qxb2 Nxa1 31.Qxa1 Qxc4 32.Ra4 Qc5 33.Bd3 Bd7 34.Rxa6 Rb3 35.Be2 Bb5 36.Ra5
{#r} 1-0

[Event "It (open)"]
[Site "masterchessopen.com Klatovy (Czech Republic)"]
[Round "0"]
[White "Fiala Z"]
[Black "Sodoma Jan (CZE)"]
[Result "0-1"]
[WhiteElo "2000"]
[BlackElo "2354"]

1.e4 e5 2.Nf3 Nc6 3.Bb5 a6 4.Ba4 Nf6 5.O-O Be7 6.Re1 b5 7.Bb3 O-O 8.c3 d6 9.h3
Nb8 10.d4 Nbd7 11.Nbd2 Bb7 12.Bc2 Re8 13.Nf1 Bf8 14.Ng3 g6 15.Nh2 d5 16.exd5
exd4 17.cxd4 Rxe1+ 18.Qxe1 Nxd5 19.Ng4 Bg7 20.Bb3 h5 21.Ne3 Nf4 22.d5 Nc5
23.Nef5 Nfd3 24.Qd1 gxf5 25.Nxf5 Qf6 26.Qxh5 Re8 27.Be3 Nxb3 28.axb3 Re5 29.g4
Rxd5 30.Rc1 c5 31.Bg5 Rxf5 {#R} 0-1

[Event "Ch Provincial (final) (juniors)"]
[Site "masterchessopen.com Habana (Cuba)"]
[Date "2009.07.02"]
[Round "3"]
[White "Hevia Alejano Carlos A (CUB)"]
[Black "Infante Brian (CUB)"]
[Result "1-0"]
[WhiteElo "2332"]
[BlackElo "2157"]

1.e4 e5 2.Nf3 Nc6 3.Bb5 a6 4.Ba4 Nf6 5.O-O Be7 6.Re1 b5 7.Bb3 d6 8.c3 O-O 9.h3
Nb8 10.d4 Nbd7 11.Nbd2 Bb7 12.Bc2 Re8 13.Nf1 Bf8 14.Ng3 g6 15.Bg5 h6 16.Bd2 c5
17.d5 c4 18.b4 Nb6 19.a4 Nxa4 20.Bxa4 bxa4 21.Qe2 Qc7 22.Rxa4 Nd7 23.Be3 Bg7
24.Nd2 Rec8 25.Rb1 f5 26.exf5 Bxd5 27.fxg6 Rf8 28.Rba1 Rf6 29.Qh5 Nf8 30.Rxa6
Rxa6 31.Rxa6 Rxg6 32.Ra7 Bb7 33.Nf3 d5 34.Bc5 Re6 35.Nf5 d4 36.Nxg7 Qxg7
37.Bxf8 Kxf8 38.Qf5+ {#r} 1-0

[Event "It \"]
[Site "masterchessopen.com Edmonton (Canada)"]
[Date "2009.07.12"]
[Round "2"]
[White "Ni Hua (CHN)"]
[Black "Kaptsan Aron (CAN)"]
[Result "1-0"]
[WhiteElo "2701"]
[BlackElo "2159"]

1.e4 e5 2.Nf3 Nc6 3.Bb5 a6 4.Ba4 Nf6 5.O-O Be7 6.Re1 b5 7.Bb3 d6 8.c3 O-O 9.h3
Nb8 10.d4 Nbd7 11.Nbd2 Bb7 12.Bc2 Re8 13.Nf1 Bf8 14.Ng3 g6 15.Bg5 h6 16.Bd2
exd4 17.cxd4 c5 18.d5 Ne5 19.Nh2 Nc4 20.Bc1 Bg7 21.Rb1 Qd7 22.b3 Nb6 23.Bb2
Kh7 24.h4 Re7 25.h5 Rae8 26.Re3 c4 27.Rf3 Nbxd5 28.exd5 Nxd5 29.hxg6+ {#r} 1-0

[Event "It (open)"]
[Site "masterchessopen.com Andorra"]
[Date "2009.07.20"]
[Round "3"]
[White "Lopez Martinez Josep Manuel (ESP)"]
[Black "Van Kampen Robin (NED)"]
[Result "1-0"]
[WhiteElo "2555"]
[BlackElo "2383"]

1.e4 e5 2.Nf3 Nc6 3.Bb5 a6 4.Ba4 Nf6 5.O-O Be7 6.Re1 b5 7.Bb3 d6 8.c3 O-O 9.h3
Nb8 10.d4 Nbd7 11.Nbd2 Bb7 12.Bc2 c5 13.Nf1 cxd4 14.cxd4 exd4 15.Ng3 Re8
16.Nxd4 d5 17.exd5 Bf8 18.Rxe8 Qxe8 19.Ndf5 Qe5 20.d6 g6 21.Nh6+ Kg7 22.Be3
Re8 23.Bb3 {#r} 1-0

[Event "Memorial Maria Albulet (w)"]
[Site "masterchessopen.com Braila (Romania)"]
[Date "2009.07.23"]
[Round "8"]
[White "Makropoulou Marina (GRE)"]
[Black "Daulyte Deimante (LTU)"]
[Result "1-0"]
[WhiteElo "2245"]
[BlackElo "2268"]

1.e4 e5 2.Nf3 Nc6 3.Bb5 a6 4.Ba4 Nf6 5.O-O Be7 6.Re1 b5 7.Bb3 d6 8.c3 O-O 9.h3
Nb8 10.d4 Nbd7 11.c4 Bb7 12.Nc3 bxc4 13.Bxc4 exd4 14.Nxd4 Nc5 15.f3 g6 16.Bh6
Re8 17.Nb3 Nfd7 18.Na5 Ne5 19.Nxb7 Nxb7 20.Bf1 Bh4 21.Re3 c6 22.f4 Nd7 23.Kh1
Qb6 24.Rf3 Nf6 25.g3 Nxe4 26.Nxe4 Rxe4 27.gxh4 Rae8 28.Qb3 Rb4 29.Qc3 Rd4
30.Rd3 c5 31.Rad1 {#r} 1-0

[Event "Olympiad (under 16)"]
[Site "masterchessopen.com Akhisar-Manisa (Turkey)"]
[Date "2009.09.28"]
[Round "5"]
[White "Feher Adam (HUN)"]
[Black "Petrosyan Tigran (ARM)"]
[Result "0-1"]
[WhiteElo "2233"]
[BlackElo "2073"]

1.e4 e5 2.Nf3 Nc6 3.Bb5 a6 4.Ba4 Nf6 5.O-O Be7 6.Re1 b5 7.Bb3 O-O 8.c3 d6 9.h3
Nb8 10.d4 Nbd7 11.Nbd2 Bb7 12.Bc2 Re8 13.a4 Bf8 14.Bd3 Rb8 15.Qc2 Ba8 16.b3 g6
17.Bb2 Bg7 18.Rad1 Qc8 19.axb5 axb5 20.b4 Nh5 21.d5 c6 22.dxc6 Bxc6 23.Nb3
Ndf6 24.Na5 Ba8 25.c4 bxc4 26.Nxc4 Bf8 27.Rc1 Nf4 28.Ba3 Qa6 29.b5 Qxb5
30.Ncxe5 Nxd3 31.Nxd3 Bxe4 32.Re3 Nd5 33.Rxe4 Rxe4 34.Ng5 Ree8 35.Nf3 Rbc8
36.Qxc8 Rxc8 37.Rxc8 Qa6 {#R} 0-1